| 000 | 00580cam a22002291 4500 | ||
|---|---|---|---|
| 001 | ne 68000553 | ||
| 003 | DLC | ||
| 005 | 20260227111838.0 | ||
| 008 | 890401s1955 xx 000 0 ara | ||
| 010 | _ane 68000553 | ||
| 035 | _a(OCoLC)23511504 | ||
| 040 |
_aDLC _cMiU _dDLC |
||
| 042 | _apremarc | ||
| 043 | _aaw----- | ||
| 050 | 0 | 0 |
_aDS63 _b.J33 |
| 100 | 1 | _aJammāl, Aḥmad ʻAbd al-Qādir. | |
| 245 | 1 | 0 | _aMin mushkilāt al-Sharq al-Awsaṭ. |
| 260 | _c1955. | ||
| 300 |
_a638 p. _c25 cm. |
||
| 500 | _aRomanized. | ||
| 651 | 0 |
_aMiddle East _xPolitics and government. |
|
| 999 |
_c50082 _d50082 |
||